000 00804cac a2200253 a 4500
003 Co-PeBPM
005 20240425142418.0
007 ta
008 231129s1988||||xx |||||||||||||| ||spa||
020 _a9589074723
040 _aCo-PeBPM
_bspa
_cCo-PeBPM
_erda
041 _aspa
082 0 4 _a001.44 ó77p
_222
100 _aOrtí­z Mejí­a, Rafael Marí­a
_eautor
245 1 0 _aLos premios Nobel del siglo XX
_c/ Rafael María Ortiz Mejía
260 _aBogotá, Colombia
_bEcoe,
_c1988
300 _a278 páginas
_bilustraciones en blanco y negro
_c24 centímetros
500 _aIncluye índice
546 _aspa
650 1 _aPremios Nobel
_2Lemb
650 1 _aNovel, Alfred
_2Lemb
_y1833-1896
942 _2ddc
_cBK
999 _c19975
_d19975